|
|
|
|
| LEADER |
02322nam a22003855i 4500 |
| 001 |
978-94-6351-080-6 |
| 003 |
DE-He213 |
| 005 |
20170713203013.0 |
| 007 |
cr nn 008mamaa |
| 008 |
170713s2017 ne | s |||| 0|eng d |
| 020 |
|
|
|a 9789463510806
|9 978-94-6351-080-6
|
| 024 |
7 |
|
|a 10.1007/978-94-6351-080-6
|2 doi
|
| 040 |
|
|
|d GrThAP
|
| 050 |
|
4 |
|a L1-991
|
| 072 |
|
7 |
|a JN
|2 bicssc
|
| 072 |
|
7 |
|a EDU000000
|2 bisacsh
|
| 082 |
0 |
4 |
|a 370
|2 23
|
| 100 |
1 |
|
|a Sawyerr, Alice Akoshia Ayikaaley.
|e author.
|
| 245 |
1 |
0 |
|a Equality and Ethnic Identities
|h [electronic resource] :
|b Studies of Self-Concept, Child Abuse and Education in a Changing English Culture /
|c by Alice Akoshia Ayikaaley Sawyerr, Christopher Adam Bagley.
|
| 264 |
|
1 |
|a Rotterdam :
|b SensePublishers :
|b Imprint: SensePublishers,
|c 2017.
|
| 300 |
|
|
|a CDVIII, 14 p.
|b online resource.
|
| 336 |
|
|
|a text
|b txt
|2 rdacontent
|
| 337 |
|
|
|a computer
|b c
|2 rdamedia
|
| 338 |
|
|
|a online resource
|b cr
|2 rdacarrier
|
| 347 |
|
|
|a text file
|b PDF
|2 rda
|
| 520 |
|
|
|a This book combines history, sociology, psychology and educational policy in research on a 40-year, crucial phase of development of ethnic identity, ethnic relations and educational and social policies for children in England, from pre-school to secondary school. The authors show how nursery children of different ethnicities interact in beginning their identity journeys in a culture of both inequality, and evolving ethnic relationships and patterns of harmony, in Britain’s developing multicultural society. In looking at self-concept development in secondary school children through the lens of various kinds of child maltreatment, Alice Sawyerr and Christopher Bagley argue that ethnic minority children are psychological survivors, and African-Caribbean girls especially are making strong identity steps – it is the “poor whites” who will make up the precariat, the reserve army of labour, who are left behind in structures of inequality.
|
| 650 |
|
0 |
|a Education.
|
| 650 |
1 |
4 |
|a Education.
|
| 650 |
2 |
4 |
|a Education, general.
|
| 700 |
1 |
|
|a Bagley, Christopher Adam.
|e author.
|
| 710 |
2 |
|
|a SpringerLink (Online service)
|
| 773 |
0 |
|
|t Springer eBooks
|
| 856 |
4 |
0 |
|u http://dx.doi.org/10.1007/978-94-6351-080-6
|z Full Text via HEAL-Link
|
| 912 |
|
|
|a ZDB-2-EDA
|
| 950 |
|
|
|a Education (Springer-41171)
|